| 000 | 00545nam a2200181 i 4500 | ||
|---|---|---|---|
| 001 | 52490 | ||
| 003 | ES-MaACL | ||
| 005 | 20230906162606.0 | ||
| 007 | t| | ||
| 008 | 030829s1972 sp ||||1| spa d | ||
| 100 | 1 |
_aDavidson, Charles S. _942895 |
|
| 245 | 1 | 0 |
_aFisiopatología del hígado / _cpor Charles S. Davidson ; versión M. Bruguera Cortada. |
| 250 | _a[1ª ed.]. | ||
| 260 |
_aBarcelona : _bToray, _c[1972] |
||
| 300 |
_aX, 286 p. : _bil. ; _c24 cm. |
||
| 700 | 1 |
_aBruguera Cortada, M. _932106 |
|
| 852 |
_aES-MaACL _jC-49265 _bR.84836 |
||
| 999 |
_c52490 _d52490 |
||